00582nam a22001217a 4500082001200000100012500012245010700137260007800244300001000322500004200332546001200374650007400386 aRK 0343 aKumar, Sampath B.T.uDepartment of studies and research in Library and Information science Tumkur UniversityvKarnataka aICT literacy competencies among rural and urban students :bthe digital divide /c B.T. Sampath Kumar a Tumakuru, Karnataka :bIndian council of social science research,c2015. a198p. aIncludes bibliography and appendices. aEnglish aInformation and communication technology literacyz Karnataka , India